000 00413nam a2200157Ia 4500
008 240729s9999 xx 000 0 und d
022 _a1687-8736
245 0 _aInternational Journal of Dentistry
260 _aUnited Kingdom
260 _bHindawi Limited
650 _a Dentistry
650 _aMedicine
856 _uhttps://doaj.org/toc/c173094af3224b1a8ff5f2365990b500
942 _2ddc
942 _cDOAJEJ
999 _c71697
_d71697
945 _a1
_bMadushi Gamage
_c1
_dMadushi Gamage